000 00711cam a2200205 a 4500
020 _a0697298876
040 _cDLC
082 0 0 _a371 WCB 1997 A016 Or.
100 1 _aPoole, Bernard John.
245 1 0 _aEducation for an information age :
_bteaching in the computerized classroom /
250 _a2nd ed.
260 _aBoston, Mass. :
_bWCB/McGraw Hill,
_cc1997.
300 _axiv, 446 p. :
_bill. ;
_c24 cm.
650 0 _aComputer-assisted instruction.
650 0 _aEducational technology.
856 4 2 _uhttp://www.loc.gov/catdir/bios/mh042/97012936.html
856 4 2 _uhttp://www.loc.gov/catdir/description/mh022/97012936.html
856 4 1 _uhttp://www.loc.gov/catdir/toc/mh022/97012936.html
942 _cEK
999 _c11628
_d11628